• 首页
  • 本馆介绍
  • 公告通知
  • 最新文献
  • 馆藏检索
  • 电子资源
  • 读者导购
  • 参考咨询
  • 我的图书馆
  • 登录
  • 详细信息显示
  • 放入我的书架
  • 预约/预借图书
  • 作者相关作品
  • 分类相关作品
  • 丛书相关作品
  • 出版社相关作品

书目信息

  • 表格格式
  • 工作单格式
  • 卡片格式
题名:
绝密潜能激发风暴
    
 
作者: 渺宇 著
分册:  
出版信息: 北京   九州出版社  2010.02
页数: 262页
开本: 28cm
丛书名:
单 册:
中图分类: B848.2
科图分类:
主题词: 能力培养--通俗读物
电子资源:
ISBN: 978-7-5108-0319-2
000 00995nam0 2200229 45
001 1237605231
005 20120618084734.34
010    @a978-7-5108-0319-2@dCNY32.00
100    @a20100419d2010 ekmy0chiy0120 ea
101 0  @achi
102    @aCN@b110000
105    @ay z 000yy
106    @ar
200 1  @a绝密潜能激发风暴@AJue Mi Qian Neng Ji Fa Feng Bao@f渺宇著@FMiao Yu Zhu
210    @a北京@c九州出版社@d2010.02
215    @a262页@d28cm
330    @a如果你从外面世界苦寻不到你生命意义的答案—其实它们就潜藏在你的心灵里面,或许你可以翻开你手中的这本书。一个人拥有成功的带来,但并不能和成功的生命划等号,因为许多事业有成的人并不快乐,他们也有太多的困惑;也有些人在追逐财富和带来的过程中,耗尽生命能量而英年早逝。本书会陪你一同进入一个寂静 的环境,进入你的内心深处,从你永恒的灵魂中探寻生命的宝藏,你将获得你梦寐以求的精神力量。
606 0  @a能力培养@j通俗读物
690    @aB848.2@v4
701  0 @a渺宇@AMiao Yu@4著
801  0 @aCN@bTSTCL@c20120604
905    @b0817227-30@dB848.2@e1079@f4
    
    绝密潜能激发风暴/渺宇著.-北京:九州出版社,2010.02
    262页;28cm
    
    
    ISBN 978-7-5108-0319-2:CNY32.00
    如果你从外面世界苦寻不到你生命意义的答案—其实它们就潜藏在你的心灵里面,或许你可以翻开你手中的这本书。一个人拥有成功的带来,但并不能和成功的生命划等号,因为许多事业有成的人并不快乐,他们也有太多的困惑;也有些人在追逐财富和带来的过程中,耗尽生命能量而英年早逝。本书会陪你一同进入一个寂静 的环境,进入你的内心深处,从你永恒的灵魂中探寻生命的宝藏,你将获得你梦寐以求的精神力量。
●
相关链接 在E读中查询图书 在五车中查询图书 在当当中查询图书 在豆瓣中查询图书


正题名:绝密潜能激发风暴     索取号:B848.2/1079         预约/预借

序号 登录号 条形码 馆藏地/架位号 状态 备注
1 0817227   208172270   第一样本阅览室/ [索取号:B848.2/1079] 在馆    
2 0817228   208172289   第一借阅区/ [索取号:B848.2/1079] 在馆    
3 0817229   208172298   第一借阅区/ [索取号:B848.2/1079] 在馆    
4 0817230   208172305   第一借阅区/ [索取号:B848.2/1079] 在馆    
唐山师范学院图书馆 欢迎您!
大连网信软件有限公司© 版权所有